مشروع تحسين البقوليات و مكننتها 1980-1992 : (رقم التسجيلة. 24833)

تفاصيل مارك
000 -LEADER
fixed length control field 00700nam a22002057a 4500
005 - DATE AND TIME OF LATEST TRANSACTION
control field 20251108165319.0
008 - FIXED-LENGTH DATA ELEMENTS--GENERAL INFORMATION
fixed length control field 250721s1993 xx 000 0 ara d
082 14 - DEWEY DECIMAL CLASSIFICATION NUMBER
Classification number 633.3/بسا
100 1# - MAIN ENTRY--PERSONAL NAME
Personal name صنوبر، بسام
245 10 - TITLE STATEMENT
Title مشروع تحسين البقوليات و مكننتها 1980-1992 :
Remainder of title نشاطات و إنجازات المشروع /
264 1# - PRODUCTION, PUBLICATION, DISTRIBUTION, MANUFACTURE, AND COPYRIGHT NOTICE
Place of production, publication, distribution, manufacture عمان :
Name of producer, publisher, distributor, manufacturer الجامعة الأردنية،
Date of production, publication, distribution, manufacture, or copyright notice 1993.
300 ## - PHYSICAL DESCRIPTION
Extent 18ص : 14p
490 0# - SERIES STATEMENT
Series statement سلسلة المعارف العامة
650 17 - SUBJECT ADDED ENTRY--TOPICAL TERM
Topical term or geographic name as entry element البقول
650 17 - SUBJECT ADDED ENTRY--TOPICAL TERM
Topical term or geographic name as entry element الحبوب البقولية
650 17 - SUBJECT ADDED ENTRY--TOPICAL TERM
Topical term or geographic name as entry element البقوليات ( فصيلة )
700 1# - ADDED ENTRY--PERSONAL NAME
Personal name حداد، نصري
942 ## - ADDED ENTRY ELEMENTS (KOHA)
Source of classification or shelving scheme Dewey Decimal Classification
Koha item type كتب
المقتنيات
حالة السحب حالة الفقدان مصدر التصنيف حالة التلف غير قابل للإعارة المكتبة الرئيسية المكتبة الحالية موقع الرف تاريخ التزويد الرقم المتسلسل Total Checkouts رقم الإستدعاء الباركود تاريخ آخر ظهور تاريخ الفاتورة نوع المادة (كوها)
    Dewey Decimal Classification     المكتبة المركزية المكتبة المركزية الإعارة 06/07/2004 257820   633.3/بسا 257820 28/07/2025 06/07/2004 كتب
    Dewey Decimal Classification Unchecked   مكتبة الأميرة ايمان العامة مكتبة الأميرة ايمان العامة الإعارة 06/07/2004 10465   633.3/بسا   28/07/2025 06/07/2004 كتب
    Dewey Decimal Classification Unchecked   مكتبة الحسن العامة مكتبة الحسن العامة الإعارة 06/07/2004 10745   633.3/بسا   28/07/2025 06/07/2004 كتب
    Dewey Decimal Classification     مكتبة الحسن العامة مكتبة الحسن العامة الإعارة 16/09/2018 10845   633.3/بسا PLD00431819 28/07/2025 16/09/2018 كتب
    Dewey Decimal Classification     مكتبة صويلح العامة مكتبة صويلح العامة الإعارة 18/06/2019 13390   633.3/بسا PLD00454524 28/07/2025 18/06/2019 كتب
Implemented & Customized by: BBB with SCIT (Smart Chains for Information Technology)

Powered by Koha